[Event "4NCL/Div2a/ANGA vs. PANDG"]
[Site "Sunningdale ENG"]
[Date "2009.01.18"]
[Round "6.4"]
[White "Burnett, Andrew"]
[Black "Bucknell, Malcolm"]
[Result "1-0"]
[WhiteElo "2202"]
[BlackElo "2175"]
[PlyCount "67"]
[EventDate "2009.01.18"]
[SourceDate "2008.10.04"]

1. Nf3 Nf6 2. c4 g6 3. Nc3 Bg7 4. e4 d6 5. d4 O-O 6. h3 e5 7. d5 Na6 8. Bg5 h6
9. Be3 b6 10. Be2 Kh7 11. g4 Nc5 12. Qc2 a5 13. O-O-O a4 14. Rdg1 Ng8 15. h4 f6
16. g5 h5 17. gxf6 Nxf6 18. Ng5+ Kh8 19. f3 Bd7 20. Rg3 Qe7 21. Rhg1 c6 22.
Bxc5 bxc5 23. dxc6 Bxc6 24. Nd5 Nxd5 25. exd5 Be8 26. Ne6 Bh6+ 27. Kb1 Rf6 28.
Bd3 Bf7 29. Bxg6 Bxe6 30. dxe6 Qxe6 31. Be4 Rb8 32. Bd5 Qf5 33. Rg8+ Rxg8 34.
Rxg8+ 1-0

[Event "4NCL/Div2a/ANGA vs. PANDG"]
[Site "Sunningdale ENG"]
[Date "2009.01.18"]
[Round "6.5"]
[White "Spence, David"]
[Black "Birtwhistle, Nigel"]
[Result "1/2-1/2"]
[WhiteElo "2223"]
[BlackElo "2159"]
[PlyCount "50"]
[EventDate "2009.01.18"]
[SourceDate "2008.10.04"]

1. e4 c5 2. c3 g6 3. d4 cxd4 4. cxd4 d5 5. Nc3 dxe4 6. Bc4 Nc6 7. Qb3 e6 8. d5
Nd4 9. Qa4+ Bd7 10. Qd1 e5 11. Nge2 Qc7 12. Bb3 Nxb3 13. Qxb3 f5 14. Be3 Bd6
15. O-O Ne7 16. Rfc1 Qa5 17. Qxb7 Rb8 18. Qxa7 Qxa7 19. Bxa7 Rxb2 20. a4 Rb7
21. Be3 O-O 22. a5 Ra8 23. a6 Rb3 24. a7 Nc8 25. Ra6 Ba3 1/2-1/2

[Event "4NCL/Div2a/ANGA vs. PANDG"]
[Site "Sunningdale ENG"]
[Date "2009.01.18"]
[Round "6.6"]
[White "Cumbers, Paul"]
[Black "Player, Edmund C"]
[Result "1-0"]
[WhiteElo "2189"]
[BlackElo "2129"]
[PlyCount "53"]
[EventDate "2009.01.18"]
[SourceDate "2008.10.04"]

1. d4 d5 2. c4 dxc4 3. e4 e5 4. Nf3 exd4 5. Bxc4 Nc6 6. O-O Be6 7. Bb5 Bc5 8.
b4 Bb6 9. a4 a6 10. Bxc6+ bxc6 11. Nbd2 Nf6 12. a5 Ba7 13. Qc2 O-O 14. Bb2 Qd7
15. Ne5 Qd6 16. Nxc6 Ng4 17. Nf3 f5 18. e5 Qd7 19. Nxa7 Rxa7 20. Nxd4 Bd5 21.
Rfe1 f4 22. Qc5 c6 23. Rac1 Re8 24. e6 Bxe6 25. Nxe6 f3 26. gxf3 Qe7 27. fxg4
1-0

[Event "4NCL/Div2a/ANGA vs. PANDG"]
[Site "Sunningdale ENG"]
[Date "2009.01.18"]
[Round "6.7"]
[White "Gray, Mark S"]
[Black "Coates, David"]
[Result "1/2-1/2"]
[WhiteElo "2138"]
[BlackElo "2014"]
[PlyCount "93"]
[EventDate "2009.01.18"]
[SourceDate "2008.10.04"]

1. e4 c5 2. Nc3 Nc6 3. f4 g6 4. Nf3 Bg7 5. Bb5 Nd4 6. Nxd4 cxd4 7. Ne2 Nf6 8.
e5 Nd5 9. c3 dxc3 10. dxc3 Nc7 11. Bc4 O-O 12. O-O b6 13. Nd4 Bb7 14. Qg4 d6
15. f5 d5 16. Bd3 Ba6 17. Bxa6 Nxa6 18. Qh4 Bxe5 19. Rf3 Qd6 20. Bg5 Bf6 21.
Rh3 h5 22. g4 Bxg5 23. Qxg5 Nc5 24. gxh5 Ne4 25. Qg4 g5 26. h6 Kh7 27. Rf1 Nf6
28. Qg2 Rg8 29. Kh1 Qe5 30. Rg3 Qe4 31. Nf3 g4 32. Nd2 Qxg2+ 33. Kxg2 Rad8 34.
Re3 Rd7 35. Rfe1 Re8 36. h3 gxh3+ 37. Kxh3 Kxh6 38. Nf3 Kg7 39. Ne5 Rh8+ 40.
Kg2 Rc7 41. Nd3 Kf8 42. Nf4 Rc4 43. Kg3 Rg8+ 44. Kf3 Rg4 45. Nd3 Rg5 46. Re5
Re4 47. Rxd5 1/2-1/2

[Event "4NCL/Div2a/ANGA vs. PANDG"]
[Site "Sunningdale ENG"]
[Date "2009.01.18"]
[Round "6.8"]
[White "Milson, Samuel"]
[Black "Merry, Alan B"]
[Result "0-1"]
[WhiteElo "1955"]
[BlackElo "1900"]
[PlyCount "98"]
[EventDate "2009.01.18"]
[SourceDate "2008.10.04"]

1. e4 c5 2. Nc3 e6 3. g3 Nc6 4. Bg2 Nf6 5. f4 d5 6. e5 Nd7 7. Nf3 Be7 8. d3 b5
9. a3 Qb6 10. Ne2 Bb7 11. Bd2 a5 12. c3 O-O 13. O-O Ba6 14. Be1 b4 15. Rf2 Rfd8
16. Nc1 bxa3 17. bxa3 Qa7 18. Kh1 Rab8 19. Ng1 Rb6 20. d4 Rdb8 21. f5 cxd4 22.
cxd4 Rb2 23. Rxb2 Rxb2 24. Bc3 Rb8 25. Qg4 exf5 26. Qf4 Bc4 27. Nf3 g6 28. Nd2
Qa6 29. g4 fxg4 30. Qxg4 Nf8 31. Qf3 Ne6 32. Qf2 Bg5 33. Bf3 Bxd2 34. Qxd2 Qa7
35. Ne2 Bxe2 36. Qxe2 Nexd4 37. Qg2 Nxf3 38. Qxf3 Qc5 39. Rf1 Rf8 40. Bb2 d4
41. Rc1 Nxe5 42. Qe4 Qb5 43. Bxd4 Nc4 44. Qf3 Nd2 45. Qg2 Qd3 46. Bc3 Nb3 47.
Bb2 Nxc1 48. Bxc1 Qd4 49. Qg1 Rd8 0-1

[Event "4NCL/Div2a/WES2 vs. BRJ"]
[Site "Sunningdale ENG"]
[Date "2009.01.18"]
[Round "6.1"]
[White "Marsh, Roger"]
[Black "Richmond, Peter A"]
[Result "0-1"]
[WhiteElo "2076"]
[BlackElo "2253"]
[PlyCount "76"]
[EventDate "2009.01.18"]
[SourceDate "2008.10.04"]

1. d4 d5 2. c4 e5 3. cxd5 Qxd5 4. Nc3 Bb4 5. dxe5 Qxd1+ 6. Kxd1 Nc6 7. Nd5 Ba5
8. Bd2 Be6 9. Bxa5 O-O-O 10. Bc3 Rxd5+ 11. Ke1 Nge7 12. e4 Rc5 13. f4 Rd8 14.
Nf3 Bg4 15. Be2 Bxf3 16. Bxf3 g5 17. g3 gxf4 18. gxf4 Ng6 19. Rf1 Rc4 20. Rd1
Nxf4 21. Rxd8+ Kxd8 22. Bh1 Nxe5 23. Kd2 Neg6 24. Ke3 b5 25. Rxf4 Nxf4 26. Kxf4
b4 27. Bf6+ Kd7 28. Bf3 Ke6 29. Bh8 f6 30. Bd1 Ke7 31. Ke3 Rc5 32. Bg7 Ra5 33.
Bh6 Rxa2 34. Bf4 Rxb2 35. Bxc7 b3 36. Kd3 Rb1 37. Ba5 b2 38. Kc2 Rc1+ 0-1

[Event "4NCL/Div2a/WES2 vs. BRJ"]
[Site "Sunningdale ENG"]
[Date "2009.01.18"]
[Round "6.2"]
[White "Hall, Daniel J"]
[Black "Clark, Ian C"]
[Result "1-0"]
[WhiteElo "2133"]
[BlackElo "2098"]
[PlyCount "121"]
[EventDate "2009.01.18"]
[SourceDate "2008.10.04"]

1. e4 c5 2. Nf3 d6 3. Bb5+ Bd7 4. Bxd7+ Qxd7 5. O-O Nc6 6. Re1 e6 7. c3 Nf6 8.
d4 cxd4 9. cxd4 Be7 10. d5 exd5 11. exd5 Nb4 12. Rxe7+ Qxe7 13. Qa4+ Qd7 14.
Qxb4 Nxd5 15. Qd4 Rc8 16. Bg5 Ne7 17. Nc3 O-O 18. Rd1 Rfe8 19. Qxa7 f6 20. Bf4
Nc6 21. Qa3 Qg4 22. Be3 Ne5 23. Nxe5 dxe5 24. Qb3+ Kh8 25. f3 Qc4 26. Qxb7 Rb8
27. Qd7 Qb4 28. Rd2 Qa5 29. Qa4 Qc7 30. Rd7 Qc8 31. Qa7 Rg8 32. Bh6 Ra8 33. Rc7
Rxa7 34. Bxg7+ Rxg7 35. Rxc8+ Rg8 36. Rc6 Rb8 37. b3 Kg7 38. Kf2 Rbb7 39. Ke3
Rc7 40. Rxc7+ Rxc7 41. Kd3 Kf7 42. a4 Ke6 43. b4 Rd7+ 44. Kc4 Rd2 45. a5 Kd7
46. Kb5 Rxg2 47. a6 Kc8 48. Nd5 f5 49. Kb6 Rg6+ 50. Ka7 Rg7+ 51. Ka8 e4 52.
fxe4 fxe4 53. b5 Rg8 54. b6 Kd7+ 55. Ka7 Ke6 56. b7 Kxd5 57. b8=Q Rxb8 58. Kxb8
e3 59. a7 Kd4 60. a8=Q Kd3 61. Qa2 1-0

[Event "4NCL/Div2a/WES2 vs. BRJ"]
[Site "Sunningdale ENG"]
[Date "2009.01.18"]
[Round "6.3"]
[White "Jenks, Bruce"]
[Black "Haydon, Richard"]
[Result "1-0"]
[WhiteElo "2134"]
[BlackElo "2198"]
[PlyCount "60"]
[EventDate "2009.01.18"]
[SourceDate "2008.10.04"]

1. b3 Nf6 2. Bb2 g6 3. Bxf6 exf6 4. g3 d5 5. d4 a5 6. a3 a4 7. b4 Nd7 8. Nd2
Nb6 9. e3 h5 10. h4 Bh6 11. c4 dxc4 12. Nxc4 Nxc4 13. Bxc4 O-O 14. Ne2 Qe7 15.
Qc2 Kg7 16. O-O g5 17. hxg5 fxg5 18. Nc3 Re8 19. Nd5 Qd7 20. Ba2 c6 21. Nb6 Qh3
22. Bb1 Rh8 23. Qe4 Be6 24. Nxa8 h4 25. Nc7 Bc4 26. Rc1 Be2 27. Ne8+ Kf8 28.
Nf6 hxg3 29. Qg2 Qh2+ 30. Qxh2 gxh2+ 1-0

[Event "4NCL/Div2a/WES2 vs. BRJ"]
[Site "Sunningdale ENG"]
[Date "2009.01.18"]
[Round "6.4"]
[White "Girdlestone, Paul"]
[Black "Pleasants, Allan J"]
[Result "0-1"]
[WhiteElo "2127"]
[BlackElo "2080"]
[PlyCount "79"]
[EventDate "2009.01.18"]
[SourceDate "2008.10.04"]

1. d4 Nf6 2. Nf3 g6 3. g3 Bg7 4. Bg2 O-O 5. O-O c6 6. Nc3 d6 7. a4 Qc7 8. a5
Bg4 9. h3 Bxf3 10. Bxf3 Na6 11. e4 e5 12. dxe5 dxe5 13. Be3 Qc8 14. Bg2 Nc7 15.
Qe2 Ne6 16. Qc4 Rd8 17. Rfd1 Ne8 18. Rxd8 Qxd8 19. Qb4 Qc7 20. Na4 Bf8 21. Nc5
Nxc5 22. Bxc5 Bxc5 23. Qxc5 b6 24. Qc3 Rd8 25. axb6 axb6 26. Kh2 Ng7 27. Ra6
Ne6 28. Qb4 b5 29. Qa3 Rd4 30. Ra7 Qd6 31. Qf3 Nd8 32. Ra8 Rd2 33. Qa3 b4 34.
Qa5 Kg7 35. c3 bxc3 36. bxc3 Qf6 37. Qb6 Ne6 38. Kg1 Nd4 39. f3 Nxf3+ 40. Kf1
0-1

[Event "4NCL/Div2a/WES2 vs. BRJ"]
[Site "Sunningdale ENG"]
[Date "2009.01.18"]
[Round "6.5"]
[White "Tunks, Dominic"]
[Black "Richmond, Jane"]
[Result "1-0"]
[WhiteElo "1989"]
[BlackElo "2137"]
[PlyCount "83"]
[EventDate "2009.01.18"]
[SourceDate "2008.10.04"]

1. e4 e6 2. Qe2 c5 3. g3 Nc6 4. Bg2 d6 5. d3 Be7 6. Nf3 Qc7 7. O-O Nf6 8. Re1
Nd7 9. c3 Bf6 10. Bg5 Bxg5 11. Nxg5 Nf6 12. Na3 e5 13. Nc2 h5 14. d4 h4 15.
dxc5 dxc5 16. Ne3 Be6 17. Nd5 Qa5 18. Qc4 Rh6 19. Rac1 Nd7 20. b4 Qd8 21. Nxe6
fxe6 22. bxc5 hxg3 23. fxg3 Qa5 24. Rb1 Rc8 25. Rb5 Qa3 26. Ne3 b6 27. cxb6
Nxb6 28. Qb3 Qe7 29. a4 Qg5 30. a5 Nd7 31. Nc4 Kf8 32. Nd6 Rd8 33. Rf1+ Nf6 34.
Qxe6 Rxd6 35. Qxd6+ Ne7 36. Rb8+ Kf7 37. Rb7 Qe3+ 38. Kh1 Kg6 39. Rxe7 Qe2 40.
Qe6 Rh5 41. Qf7+ Kh6 42. Qxg7# 1-0

[Event "4NCL/Div2a/WES2 vs. BRJ"]
[Site "Sunningdale ENG"]
[Date "2009.01.18"]
[Round "6.6"]
[White "Cabero, Pablo Padilla"]
[Black "Gregory, Keith D"]
[Result "1-0"]
[WhiteElo "2162"]
[BlackElo "2060"]
[PlyCount "119"]
[EventDate "2009.01.18"]
[SourceDate "2008.10.04"]

1. e4 d6 2. Nc3 g6 3. g3 Bg7 4. Bg2 c5 5. d3 Nc6 6. Be3 Rb8 7. Qd2 h5 8. Nf3
Nd4 9. h3 Bd7 10. Nh4 Qa5 11. f4 e6 12. O-O Ne7 13. Rf2 O-O 14. Nd5 Nec6 15.
Ne7+ Kh7 16. Qxa5 Nxa5 17. f5 exf5 18. exf5 gxf5 19. c3 Rbe8 20. Nd5 f4 21.
Bxf4 Ne2+ 22. Kh2 Nxf4 23. Nxf4 Bf6 24. Be4+ Kh8 25. Nf3 h4 26. g4 c4 27. Rg1
cxd3 28. Bxd3 Re3 29. Nd5 Rxd3 30. Nxf6 Be6 31. Nxh4 Nc4 32. Nh5 Rc8 33. Nf4
Re3 34. Rg3 Re1 35. Nf3 Rb1 36. Nd4 Rxb2 37. Rxb2 Nxb2 38. Nfxe6 fxe6 39. Nxe6
Na4 40. Ng5 Rxc3 41. Nf7+ Kg7 42. Nxd6 Rc2+ 43. Rg2 Rxg2+ 44. Kxg2 Nc3 45. Nxb7
Nxa2 46. Kf3 Nb4 47. Na5 Kf6 48. h4 Nd3 49. Nc6 a6 50. Ke3 Ne1 51. Ke4 Ng2 52.
g5+ Kg6 53. Ne5+ Kh5 54. g6 Kh6 55. h5 a5 56. Kf5 Ne3+ 57. Kf6 Nd5+ 58. Kf7 a4
59. Ng4+ Kxh5 60. g7 1-0

[Event "4NCL/Div2a/WES2 vs. BRJ"]
[Site "Sunningdale ENG"]
[Date "2009.01.18"]
[Round "6.7"]
[White "Krawczuk, Michael J"]
[Black "Tomboline, David"]
[Result "1/2-1/2"]
[WhiteElo "2045"]
[BlackElo "2018"]
[PlyCount "38"]
[EventDate "2009.01.18"]
[SourceDate "2008.10.04"]

1. e4 e6 2. d4 d5 3. Nc3 dxe4 4. Nxe4 Bd7 5. Nf3 Bc6 6. Bd3 Nd7 7. O-O Ngf6 8.
Qe2 Bxe4 9. Bxe4 Nxe4 10. Qxe4 c6 11. Bg5 Be7 12. Bxe7 Qxe7 13. Rfe1 O-O 14. c4
Nf6 15. Qc2 Rfd8 16. Rad1 a5 17. Ne5 Nd7 18. Nf3 Nf6 19. Ne5 Nd7 1/2-1/2

[Event "4NCL/Div2a/WES2 vs. BRJ"]
[Site "Sunningdale ENG"]
[Date "2009.01.18"]
[Round "6.8"]
[White "Headlong, Fenella"]
[Black "Norman, Dinah"]
[Result "1/2-1/2"]
[WhiteElo "1995"]
[BlackElo "1956"]
[PlyCount "47"]
[EventDate "2009.01.18"]
[SourceDate "2008.10.04"]

1. e4 c6 2. d4 d5 3. exd5 cxd5 4. Bd3 Nc6 5. c3 Nf6 6. Bf4 Bg4 7. Qb3 Qc8 8. h3
Bh5 9. Nd2 e6 10. Ngf3 Bg6 11. Bxg6 hxg6 12. Ne5 Be7 13. Rc1 Nxd4 14. Qa4+ Nc6
15. c4 O-O 16. cxd5 Nxd5 17. Nxc6 bxc6 18. Rxc6 Qb7 19. Be5 Rfc8 20. Rxc8+ Rxc8
21. O-O Bf6 22. Bxf6 Nxf6 23. Nc4 Rd8 24. Rd1 1/2-1/2

[Event "4NCL/Div2a/OXF1 vs. WES2"]
[Site "Hinckley Island ENG"]
[Date "2009.03.21"]
[Round "7.1"]
[White "Savage, Ben D"]
[Black "Neil, David R"]
[Result "1-0"]
[WhiteElo "2307"]
[BlackElo "2161"]
[PlyCount "55"]
[EventDate "2009.03.21"]
[SourceDate "2008.10.04"]

1. d4 Nf6 2. c4 g6 3. Nc3 Bg7 4. e4 d6 5. h3 e5 6. d5 O-O 7. Bg5 h6 8. Be3 Nbd7
9. g4 Nc5 10. Qc2 a5 11. Nge2 c6 12. Ng3 Bd7 13. Qd2 Kh7 14. g5 hxg5 15. Bxg5
Qc7 16. h4 Nh5 17. Nxh5 gxh5 18. Be2 f5 19. Be3 b5 20. Rg1 b4 21. Bxc5 bxc3 22.
Rxg7+ Kxg7 23. Qg5+ Kh7 24. Qxh5+ Kg7 25. Qg5+ Kh7 26. Qe7+ Kg8 27. O-O-O cxb2+
28. Kb1 1-0

[Event "4NCL/Div2a/OXF1 vs. WES2"]
[Site "Hinckley Island ENG"]
[Date "2009.03.21"]
[Round "7.2"]
[White "de Coverly, Roger"]
[Black "White, Michael J R"]
[Result "1-0"]
[WhiteElo "2078"]
[BlackElo "2252"]
[PlyCount "91"]
[EventDate "2009.03.21"]
[SourceDate "2008.10.04"]

1. e4 e5 2. Nf3 Nc6 3. Nc3 Nf6 4. Bb5 Nd4 5. Nxe5 Nxb5 6. Nxb5 c6 7. Nc3 Qe7 8.
d4 d6 9. Nf3 Nxe4 10. O-O Nxc3 11. bxc3 Be6 12. Re1 h6 13. c4 d5 14. cxd5 cxd5
15. c4 dxc4 16. d5 O-O-O 17. Qa4 Rxd5 18. Qxa7 Qc7 19. Be3 Bc5 20. Bxc5 Rxc5
21. Qa8+ Qb8 22. Qa3 b6 23. Qc3 Rd8 24. Rad1 Rxd1 25. Rxd1 Qc7 26. Re1 Kb7 27.
Nd4 Re5 28. Rb1 Bd5 29. a4 Kc8 30. a5 Rh5 31. g3 bxa5 32. Qa3 Kd7 33. Qa4+ Ke7
34. Qd1 Re5 35. f4 Be4 36. fxe5 Bxb1 37. Qxb1 Qc5 38. Qb7+ Kf8 39. Qe4 a4 40.
Kg2 a3 41. e6 a2 42. Qa8+ Ke7 43. Qb7+ Kd6 44. Qd7+ Ke5 45. Nf3+ Ke4 46. e7 1-0

[Event "4NCL/Div2a/OXF1 vs. WES2"]
[Site "Hinckley Island ENG"]
[Date "2009.03.21"]
[Round "7.3"]
[White "Eckersley-Waites, Tom"]
[Black "Pleasants, Allan J"]
[Result "1-0"]
[WhiteElo "2227"]
[BlackElo "2080"]
[PlyCount "61"]
[EventDate "2009.03.21"]
[SourceDate "2008.10.04"]

1. e4 c5 2. Nf3 Nc6 3. Bb5 a6 4. Bxc6 bxc6 5. O-O d6 6. c3 e6 7. Re1 Be7 8. d3
Rb8 9. e5 d5 10. Qa4 Bd7 11. b3 h5 12. Nbd2 Nh6 13. Nf1 c4 14. bxc4 c5 15. Qc2
dxc4 16. dxc4 Bc6 17. N1d2 Nf5 18. Ne4 Qa5 19. Bg5 Bxg5 20. Nfxg5 Bxe4 21. Rxe4
Qa3 22. Re2 Rb6 23. h3 h4 24. Rd1 O-O 25. Rd7 Rfb8 26. Red2 g6 27. Rxf7 Rb1+
28. Kh2 Qc1 29. Qxc1 Rxc1 30. Rdd7 Rc2 31. Ne4 1-0

[Event "4NCL/Div2a/OXF1 vs. WES2"]
[Site "Hinckley Island ENG"]
[Date "2009.03.21"]
[Round "7.4"]
[White "Taylor-Bowd, Phil"]
[Black "Smallbone, Kieran"]
[Result "0-1"]
[WhiteElo "2037"]
[BlackElo "2237"]
[PlyCount "94"]
[EventDate "2009.03.21"]
[SourceDate "2008.10.04"]

1. e4 c6 2. d4 d5 3. exd5 cxd5 4. c4 Nf6 5. Nc3 Nc6 6. Nf3 Be6 7. c5 a6 8. h3
g6 9. Bd3 Bg7 10. O-O O-O 11. Rb1 Ne4 12. Bc2 Bf5 13. Bf4 Nb4 14. Bxe4 dxe4 15.
Nh4 Qxd4 16. Nxf5 gxf5 17. Qh5 e6 18. Be3 Qe5 19. Ne2 Nd3 20. Bd4 Nf4 21. Bxe5
Nxh5 22. Bd6 Rfd8 23. Rfd1 Bf8 24. Rbc1 Rac8 25. Bxf8 Kxf8 26. b4 Ke7 27. g3
Nf6 28. a3 Rxd1+ 29. Rxd1 Nd5 30. Kf1 Kf6 31. Ke1 a5 32. Rb1 axb4 33. axb4 Ra8
34. Nd4 Ke5 35. Nb5 Ra4 36. Nd6 Nxb4 37. Nxf7+ Kd5 38. Nd6 Kxc5 39. Nxb7+ Kc6
40. Na5+ Kd5 41. Kf1 e3 42. Rd1+ Ke4 43. Nb3 Nd3 44. f3+ Kxf3 45. Rxd3 Ra2 46.
Nd4+ Ke4 47. Rd1 Rd2 0-1

[Event "4NCL/Div2a/OXF1 vs. WES2"]
[Site "Hinckley Island ENG"]
[Date "2009.03.21"]
[Round "7.5"]
[White "Rawlinson, Aidan"]
[Black "Gregory, Keith D"]
[Result "1/2-1/2"]
[WhiteElo "2236"]
[BlackElo "2060"]
[PlyCount "67"]
[EventDate "2009.03.21"]
[SourceDate "2008.10.04"]

1. e4 d6 2. d4 g6 3. Nc3 Bg7 4. Be3 a6 5. Qd2 Nd7 6. f3 b6 7. g4 Bb7 8. h4 h5
9. g5 e6 10. O-O-O Ne7 11. Nh3 O-O 12. Be2 d5 13. Nf4 b5 14. exd5 exd5 15. Bf2
Nb6 16. Nd3 Nc4 17. Qf4 Bc8 18. Nc5 Qd6 19. Qh2 Nf5 20. Qxd6 cxd6 21. Nb3 Be6
22. Bd3 Ne7 23. Ne2 a5 24. Kb1 Rfc8 25. Nf4 Bd7 26. Rhe1 Kf8 27. Nc1 b4 28. Re2
Nb6 29. Ree1 Nf5 30. Bf1 Rc7 31. Rd2 Rac8 32. Ba6 Ra8 33. Bf1 Rac8 34. Ba6
1/2-1/2

[Event "4NCL/Div2a/OXF1 vs. WES2"]
[Site "Hinckley Island ENG"]
[Date "2009.03.21"]
[Round "7.6"]
[White "Krawczuk, Michael J"]
[Black "Shaw, David A"]
[Result "0-1"]
[WhiteElo "2045"]
[BlackElo "2240"]
[PlyCount "50"]
[EventDate "2009.03.21"]
[SourceDate "2008.10.04"]

1. e4 e6 2. d4 d5 3. e5 c5 4. c3 Qb6 5. Nf3 Nc6 6. Be2 cxd4 7. cxd4 Nh6 8. b3
Nf5 9. Bb2 Bb4+ 10. Kf1 Be7 11. Nc3 h5 12. h4 g6 13. g3 f6 14. Na4 Qc7 15. exf6
Bxf6 16. Rc1 O-O 17. Kg2 Qg7 18. Rxc6 bxc6 19. Qd2 Nd6 20. Nc5 Ne4 21. Nxe4
dxe4 22. Ne5 c5 23. Qa5 cxd4 24. Bxd4 Bb7 25. Re1 Rfd8 0-1

[Event "4NCL/Div2a/OXF1 vs. WES2"]
[Site "Hinckley Island ENG"]
[Date "2009.03.21"]
[Round "7.7"]
[White "Bruce, Dave"]
[Black "Tunks, Dominic"]
[Result "0-1"]
[WhiteElo "2091"]
[BlackElo "1989"]
[PlyCount "80"]
[EventDate "2009.03.21"]
[SourceDate "2008.10.04"]

1. e4 e6 2. d4 d5 3. Nd2 Nf6 4. e5 Nfd7 5. Bd3 f6 6. Qh5+ Ke7 7. exf6+ Nxf6 8.
Qe2 Nc6 9. Ndf3 Qe8 10. Nh3 Kd8 11. O-O Bd6 12. Bf4 h6 13. Be5 Rf8 14. Nf4 Bxe5
15. dxe5 Ne4 16. Bxe4 Rxf4 17. Bd3 Qh5 18. Qe3 g5 19. Rfe1 Bd7 20. a3 a5 21.
Rad1 Kc8 22. Be2 Qf7 23. b3 a4 24. c4 axb3 25. cxd5 exd5 26. Qxb3 g4 27. Nh4
Be6 28. Rb1 b6 29. Qc3 Kb7 30. Rec1 Na5 31. Rb4 Nc4 32. Bxc4 dxc4 33. Qe3 Rd8
34. g3 Rfd4 35. f4 gxf3 36. Qxf3+ Qxf3 37. Nxf3 Rd3 38. Nh4 Rd1+ 39. Rxd1 Rxd1+
40. Kf2 c3 0-1

[Event "4NCL/Div2a/OXF1 vs. WES2"]
[Site "Hinckley Island ENG"]
[Date "2009.03.21"]
[Round "7.8"]
[White "Daley, Eugene"]
[Black "Harvey, Marcus R"]
[Result "1-0"]
[WhiteElo "1689"]
[BlackElo "1905"]
[PlyCount "97"]
[EventDate "2009.03.21"]
[SourceDate "2008.10.04"]

1. e4 e6 2. d4 d5 3. Nc3 Nf6 4. e5 Nfd7 5. f4 c5 6. Nf3 Nc6 7. Be3 a6 8. Qd2 b5
9. dxc5 Bxc5 10. O-O-O Bb7 11. Bxc5 Nxc5 12. Qf2 Qb6 13. Qg3 Rg8 14. Bd3 Nxd3+
15. Rxd3 O-O-O 16. Rhd1 b4 17. Na4 Qa5 18. b3 Ne7 19. Qf2 Kb8 20. Ng5 Bc6 21.
Qc5 Qxc5 22. Nxc5 Bb5 23. R3d2 Rc8 24. Nd3 Bxd3 25. Rxd3 h6 26. Nxf7 Rcf8 27.
Nd6 Rxf4 28. c4 Rd8 29. Re3 Rf2 30. Rd2 Rxd2 31. Kxd2 dxc4 32. bxc4 Nf5 33. Rd3
Kc7 34. Nxf5 Rxd3+ 35. Kxd3 exf5 36. c5 Kc6 37. e6 a5 38. Kd4 f4 39. h4 g5 40.
hxg5 hxg5 41. Ke5 g4 42. e7 Kd7 43. Kf6 f3 44. c6+ Kxc6 45. e8=Q+ Kc5 46. gxf3
gxf3 47. Qe3+ Kc4 48. Qxf3 a4 49. Qc6+ 1-0

[Event "4NCL/Div2a/BRJ vs. PPA1"]
[Site "Hinckley Island ENG"]
[Date "2009.03.21"]
[Round "7.1"]
[White "Headlong, Timothy"]
[Black "Swanson, Stephen"]
[Result "1/2-1/2"]
[WhiteElo "2200"]
[BlackElo "2244"]
[PlyCount "32"]
[EventDate "2009.03.21"]
[SourceDate "2008.10.04"]

1. Nf3 d6 2. d4 g6 3. c4 Bg7 4. Nc3 Nd7 5. e4 e5 6. Be2 Ne7 7. O-O O-O 8. Re1
exd4 9. Nxd4 Nc6 10. Be3 Re8 11. Qd2 Nde5 12. Rad1 Nxd4 13. Bxd4 Be6 14. b3 Qh4
15. Be3 Ng4 16. Bxg4 Qxg4 1/2-1/2

[Event "4NCL/Div2a/BRJ vs. PPA1"]
[Site "Hinckley Island ENG"]
[Date "2009.03.21"]
[Round "7.2"]
[White "Posazhennikov, Alex"]
[Black "Richmond, Peter A"]
[Result "0-1"]
[WhiteElo "2253"]
[BlackElo "2253"]
[PlyCount "128"]
[EventDate "2009.03.21"]
[SourceDate "2008.10.04"]

1. d4 d5 2. c4 e5 3. dxe5 d4 4. Nf3 Nc6 5. g3 Nge7 6. Bg2 Ng6 7. Bg5 Qd7 8. O-O
h6 9. Bc1 Ngxe5 10. Qa4 Nxf3+ 11. Bxf3 Be7 12. Rd1 O-O 13. Nc3 Rd8 14. Nd5 Bd6
15. Bxh6 Ne5 16. Qxd7 Rxd7 17. Bf4 Nxf3+ 18. exf3 Bxf4 19. Nxf4 c5 20. Nd3 b6
21. Re1 Kf8 22. Kg2 Ba6 23. b3 Re8 24. Rxe8+ Kxe8 25. g4 Ke7 26. h4 Kd6 27. a4
Bc8 28. a5 Re7 29. Nf4 b5 30. cxb5 Rb7 31. b6 axb6 32. axb6 Rxb6 33. Ra8 Bb7
34. Ra3 Ra6 35. Rxa6+ Bxa6 36. Nh5 Ke5 37. Ng3 Bd3 38. Nf1 Kf4 39. Nd2 Be2 40.
g5 g6 41. Kg1 Bxf3 42. Kf1 Bd1 43. Ke1 Bc2 44. Ke2 Kg4 45. Ke1 Kxh4 46. b4 cxb4
47. Nf3+ Kg4 48. Nxd4 b3 49. Kd2 Kxg5 50. Nb5 Kf4 51. Nd6 f5 52. Nc4 g5 53. Ke2
g4 54. Nb2 Ke4 55. Na4 Kd4 56. Kd2 f4 57. Nc3 Bd3 58. Nd1 g3 59. fxg3 fxg3 60.
Ke1 Be4 61. Ke2 Bc6 62. Ne3 Kc3 63. Nd1+ Kc2 64. Ke1 g2 0-1

[Event "4NCL/Div2a/BRJ vs. PPA1"]
[Site "Hinckley Island ENG"]
[Date "2009.03.21"]
[Round "7.3"]
[White "Hall, Daniel J"]
[Black "Harley, Andrew"]
[Result "1-0"]
[WhiteElo "2133"]
[BlackElo "2212"]
[PlyCount "77"]
[EventDate "2009.03.21"]
[SourceDate "2008.10.04"]

1. e4 e6 2. d4 d5 3. Nc3 Bb4 4. e5 c5 5. Bd2 Ne7 6. Nb5 Bxd2+ 7. Qxd2 O-O 8.
dxc5 Nd7 9. Qc3 a6 10. Nd6 Qc7 11. f4 Qxc5 12. Qxc5 Nxc5 13. Nf3 Bd7 14. O-O-O
Bb5 15. Bxb5 axb5 16. a3 Ra4 17. g3 b4 18. axb4 Rxb4 19. c3 Rb6 20. Nd4 Nc8 21.
b4 Nd7 22. N6b5 Ne7 23. Rhe1 Ra8 24. Kb2 Rba6 25. Kb3 Nb6 26. Re2 Nc4 27. Rde1
g6 28. Nc2 Rb6 29. Nca3 Nxa3 30. Nxa3 Nc6 31. b5 d4 32. c4 d3 33. Re4 d2 34.
Rd1 Rd8 35. c5 Rd3+ 36. Kb2 Rxa3 37. Kxa3 Rxb5 38. Rxd2 Rxc5 39. Rd7 1-0

[Event "4NCL/Div2a/BRJ vs. PPA1"]
[Site "Hinckley Island ENG"]
[Date "2009.03.21"]
[Round "7.4"]
[White "Dunn, Andrew"]
[Black "Girdlestone, Paul"]
[Result "1-0"]
[WhiteElo "2216"]
[BlackElo "2127"]
[PlyCount "113"]
[EventDate "2009.03.21"]
[SourceDate "2008.10.04"]

1. d4 d5 2. Nf3 Nf6 3. e3 c6 4. c4 g6 5. Nc3 Bg7 6. Qb3 O-O 7. Be2 dxc4 8. Bxc4
b5 9. Be2 Be6 10. Qc2 Qa5 11. Bd2 b4 12. Na4 Ne4 13. Qxe4 Qxa4 14. O-O b3 15.
axb3 Qxb3 16. Bc3 Qb7 17. Qd3 Nd7 18. Ng5 Bb3 19. Ra3 c5 20. Qb5 Bd5 21. Qxb7
Bxb7 22. Rfa1 cxd4 23. exd4 Nb6 24. Rxa7 Rfd8 25. Rxa8 Bxa8 26. Bf3 h6 27. Ba5
Bxd4 28. Bxb6 Bxb6 29. Ne6 fxe6 30. Rxa8 Kf7 31. Rxd8 Bxd8 32. Kf1 Kf6 33. Be4
g5 34. Ke2 Ke5 35. Kd3 Bb6 36. f3 Bg1 37. h3 Kf4 38. g4 Kg3 39. Bc6 Kxh3 40.
Ke4 Bh2 41. b4 Kh4 42. Bd7 h5 43. Bxe6 hxg4 44. fxg4 Bd6 45. b5 Bc5 46. Kd5 Bf2
47. Kc6 Kg3 48. b6 Kf3 49. b7 Bg3 50. Kd7 Bd6 51. Kc8 Kf4 52. b8=Q Bxb8 53.
Kxb8 Ke5 54. Bb3 Kf4 55. Bd1 e5 56. Kc7 e4 57. Kd6 1-0

[Event "4NCL/Div2a/BRJ vs. PPA1"]
[Site "Hinckley Island ENG"]
[Date "2009.03.21"]
[Round "7.5"]
[White "Richmond, Jane"]
[Black "Byway, Paul"]
[Result "0-1"]
[WhiteElo "2137"]
[BlackElo "2167"]
[PlyCount "50"]
[EventDate "2009.03.21"]
[SourceDate "2008.10.04"]

1. d4 Nf6 2. Nc3 d5 3. Bg5 Nbd7 4. Nf3 c6 5. Qd3 g6 6. e4 dxe4 7. Nxe4 Bg7 8.
O-O-O Nxe4 9. Qxe4 Nf6 10. Bxf6 Bxf6 11. Bc4 Bf5 12. Qf4 Qc8 13. Rhe1 b5 14.
Bb3 O-O 15. Ne5 c5 16. dxc5 Qxc5 17. Rd5 Qb6 18. Qd4 Qa5 19. Qd2 Bg5 20. f4
Bxf4 21. Qxf4 Qxe1+ 22. Rd1 Qe4 23. Qxe4 Bxe4 24. g4 Kg7 25. Rd7 Kf6 0-1